000 02020nam a2200229Ia 4500
003 Ost
005 20260507074913.0
008 260507s9999||||xx |||||||||||||| ||und||
040 _cfsecg
041 _aara
082 _a332.6
100 _eمؤلف
245 0 _aالاستثمار في بنية المعلومات والمعرفة /
260 _aالقاهرة:
_bالمنظمة العربية للتنمية الادارية,
_c2007
300 _a329 صفحة؛
_bإيضاحات ؛
_c29 سم
504 _aببليوغرافيا: ص.328
520 _aمجتمع المعلومات والمعرفة في العالم العربي، دور الابداع والابتكار في بناء اقتصاد المعرفة، اللغة العربية والاستثمار المعرفي، آليات حشد الموارد المالية لتمويل أنشطة الاقتصاد المعرفي، The busines plan and knowledge marketing strangy challenges خدمة جهينة، نحو رؤية واضحة لمتطلبات البيئة التحتية في ادارة المعرفة لمنظمات الاعمال العربية، تكنولوجيا المعلومات والأبعاد الأساسية للتنمية البشرية في الوطن العربي، ادارة مشاريع المكتبات الرقمية العربية في بيئة المعرفة، آليات تطوير تشريعات الملكية الفكرية ومعايير تقييم المحتوى العربي، تقييم اصول الملكية الفكرية ومعايير تقييم المحتوى العربي، دور القضاء والتحكيم في فض منازعات حقوق الملكية الفكرية، دور القطاع الخاص الاستثماري وقطاعات المجتمع المدني، سياسات التنمية البشرية ودورها في تهيئة المجتمعات العربية
653 _aالاستثمار
653 _aالمعرفة
653 _aالمعلومات
942 _cكتاب
999 _c41751
_d41751